000
00317nam a2200121Ia 4500
008
190216s9999||||xx |||||||||||||| ||und||
100
_a
Farrington G Daniel
245
0
_a
Mathematical Preparation For Physical Chemistry
260
_b
Mcgraw -hill
_c
1956
300
_a
309p
650
_a
Chemistry-Chemistry
942
_c
BK
999
_c
2280
_d
2280